Alle Länder Europas (mit Karte) - Statistiken

Allgemein
  • Dieses Quiz wurde 638 mal gespielt
  • Das Durchschnittsergebnis liegt bei 43 aus 47
Antworten auf der Karte
Die Antworten werden auf der Karte rot bzw. grün angezeigt, abhängig davon wie oft sie richtig erraten wurden.
 
Antwortstatistiken
Antwort % Korrekt
Dänemark
98%
Deutschland
98%
Finnland
98%
Finnland
98%
Schweden
98%
Belgien
97%
Frankreich
97%
Grossbritannien
97%
Italien
97%
Norwegen
97%
Portugal
97%
Russland
97%
Schweiz
97%
Spanien
97%
Irland
96%
Luxemburg
96%
Niederlande
96%
Österreich
96%
Polen
96%
Griechenland
95%
Island
95%
Tschechien
95%
Ukraine
95%
Albanien
93%
Belarus
93%
Kroatien
93%
Lettland
92%
Slowakei
92%
Slowenien
92%
Litauen
91%
Bosnien und Herzegowina
90%
Rumänien
90%
Bulgarien
88%
Liechtenstein
88%
Ungarn
88%
Andorra
87%
Serbien
87%
Vatikanstadt
87%
Monaco
86%
Nordmazedonien
86%
Kosovo
84%
San Marino
84%
Malta
83%
Moldau
80%
Montenegro
80%
Zypern
68%
Türkei
48%
Keine übereinstimmenden Quizze gefunden
Verteilung der Resultate
Anzahl Personen mit jedem Resultat
Perzentil nach korrekt beantworteten Fragen
Ihre Resultats-Entwicklung
Sie haben dieses Quiz noch nicht gespielt